000 00684nam a2200205 a 4500
001 000024974
005 20200930023501.0
008 110208s1973 ck r 000 0 spa d
040 _aDO-SdBNP
_bspa
_cBNPHU
082 _axxxxx
_bN677a
100 1 _aNietzsche, Friedrich Wilhelm,
_d1844-1900
_qFederico Nietzsche
_951244
245 1 0 _aAsí hablaba Zaratustra :
_bun libro para todos y para nadie /
_cFederico Nietzsche.
250 _a5a ed.
260 _aMedellín, Colombia :
_bBedout,
_c1973.
300 _a310 p. ;
_c18.5 cm.
490 1 _aBolsilibros bedout ;
_v82
500 _aIncluye notas al pie de las páginas.
830 0 _aBolsilibros bedout ;
_n82
_951245
049 _aBNGR
999 _c24467
_d24467